| 000 | 01123nac a22002411u 4500 | ||
|---|---|---|---|
| 008 | 080806t xxu||||| |||| 00| 0 eng d | ||
| 010 | _a 2004015398 | ||
| 020 | _a0415304016 (hardback : alk. paper) | ||
| 020 | _a0415304024 (pbk. : alk. paper) | ||
| 082 | 0 | 0 |
_a624.151 _bFAN |
| 100 |
_aFang, Hsai-Yang. _917963 |
||
| 245 | 1 | 0 |
_aIntroductory Geotechnical Engineering : _bAn Environmental Perspective / _cHsai-Yang Fang and John Daniels. |
| 260 |
_aNew York : _bSpon Press, _c2005. |
||
| 300 |
_axxix, 545 p. : _bill. ; _c25 cm. |
||
| 504 | _aIncludes bibliographical references and index. | ||
| 650 | 0 |
_aEnvironmental geotechnology. _917964 |
|
| 650 | 0 |
_aEngineering geology. _917965 |
|
| 700 | 1 |
_aDaniels, John, _d1974- _917966 |
|
| 856 | 4 | 1 |
_3Table of contents only _uhttp://www.loc.gov/catdir/toc/ecip0419/2004015398.html |
| 856 | 4 | 1 |
_3Publisher description _uhttp://www.loc.gov/catdir/enhancements/fy0654/2004015398-d.html |
| 942 |
_cBB _k624.1FAN _2ddc |
||
| 999 |
_c2260 _d2260 |
||